[Event "Odoev-ch"]
[Site "Odoev"]
[Date "2018.06.04"]
[Round "8"]
[White "Ismayilov, Ganjali"]
[Black "Karpov, Alexander N"]
[Result "1/2-1/2"]
[WhiteElo "2389"]
[BlackElo "2007"]
[PlyCount "84"]
[EventDate "2018.05.28"]
[EventType "swiss"]
[EventRounds "9"]
[EventCountry "RUS"]
[SourceTitle "EXT 2019"]
[Source "ChessBase"]
[SourceDate "2018.10.10"]
[SourceVersion "1"]
[SourceVersionDate "2018.10.10"]
[SourceQuality "1"]

1. d4 d5 2. c4 e6 3. Nc3 Nf6 4. cxd5 exd5 5. Bg5 Be7 6. Qc2 0-0 7. e3 c6 8. Bd3 Nbd7 9. Nf3 Re8 10. 0-0 Nf8 11. a3 a5 12. Rab1 Ne4 13. Bxe7 Qxe7 14. Bxe4 dxe4 15. Nd2 f5 16. Rbe1 Be6 17. f3 exf3 18. Nxf3 Nd7 19. Rf2 Rad8 20. Qa4 Nb6 21. Qxa5 Nc4 22. Qa4 Bd5 23. Nd2 b5 24. Nxd5 Rxd5 25. Qc2 Rxd4 26. Nxc4 Rxc4 27. Qxf5 Re4 28. Qf3 h6 29. Rfe2 Qc5 30. g3 Kh7 31. Qf2 Rf8 32. Rc2 Rxf2 33. Rxc5 Rxb2 34. Rxc6 Ra2 35. Rc3 b4 36. axb4 Rxb4 37. e4 Rbb2 38. h4 Rg2+ 39. Kh1 Rh2+ 40. Kg1 Rag2+ 41. Kf1 Rf2+ 42. Kg1 Rfg2+ 1/2-1/2

[Event "Tula"]
[Site "Tula"]
[Date "2018.04.15"]
[Round "12"]
[White "Ismayilov, Ganjali"]
[Black "Arakeljan, Armen M"]
[Result "1/2-1/2"]
[WhiteElo "2406"]
[BlackElo "2252"]
[PlyCount "84"]
[EventDate "2018.04.09"]
[EventType "tourn"]
[EventRounds "13"]
[EventCountry "RUS"]
[EventCategory "2"]
[SourceTitle "CBM 184 Extra"]
[Source "ChessBase"]
[SourceDate "2018.06.28"]
[SourceVersion "1"]
[SourceVersionDate "2018.06.28"]
[SourceQuality "1"]

1. d4 d5 2. Nf3 e6 3. e3 Nf6 4. c4 c6 5. Nc3 Nbd7 6. a3 Be7 7. b4 a6 8. Bb2 0-0 9. Bd3 dxc4 10. Bxc4 Nd5 11. e4 Nxc3 12. Bxc3 Re8 13. 0-0 Bf6 14. Qd3 Qc7 15. Rac1 Nf8 16. Ba2 Ng6 17. e5 Be7 18. Bb1 Qd8 19. Rfd1 Bg5 20. Nxg5 Qxg5 21. Bd2 Qd8 22. g3 f6 23. Qe3 Nf8 24. Ba2 f5 25. a4 h6 26. Qd3 Kh8 27. Kg2 Ng6 28. Bc3 Ne7 29. Qf3 Nd5 30. Bd2 Rf8 31. Rh1 Bd7 32. g4 fxg4 33. Qxg4 Qe7 34. Bb1 Qf7 35. Rcf1 Ne7 36. f3 a5 37. Rhg1 axb4 38. Qe4 Nf5 39. Bxb4 Rfc8 40. a5 c5 41. dxc5 Bb5 42. Bd3 Bc6 1/2-1/2

[Event "Tula"]
[Site "Tula"]
[Date "2018.04.15"]
[Round "13"]
[White "Postypalskiy, Mihail"]
[Black "Ismayilov, Ganjali"]
[Result "1/2-1/2"]
[WhiteElo "2354"]
[BlackElo "2406"]
[PlyCount "99"]
[EventDate "2018.04.09"]
[EventType "tourn"]
[EventRounds "13"]
[EventCountry "RUS"]
[EventCategory "2"]
[SourceTitle "CBM 184 Extra"]
[Source "ChessBase"]
[SourceDate "2018.06.28"]
[SourceVersion "1"]
[SourceVersionDate "2018.06.28"]
[SourceQuality "1"]

1. e4 e5 2. Nf3 Nc6 3. d4 exd4 4. Nxd4 Bc5 5. Nxc6 Qf6 6. Qf3 Qxf3 7. gxf3 bxc6 8. Be3 Bxe3 9. fxe3 Ne7 10. Nc3 d6 11. Rg1 0-0 12. f4 f5 13. Bc4+ Kh8 14. e5 dxe5 15. 0-0-0 Ng6 16. Rd3 e4 17. Rd2 a5 18. Rgd1 Ba6 19. Bxa6 Rxa6 20. Rd7 Ra7 21. Ne2 Kg8 22. Nd4 Rf6 23. a4 Nh4 24. Re7 Kf8 25. Re5 Kf7 26. Nb3 Rd6 27. Rxa5 Rb7 28. Rxd6 cxd6 29. Nd4 c5 30. Nb5 Ke7 31. Ra8 Ng2 32. Kd2 d5 33. Rc8 d4 34. exd4 cxd4 35. Nxd4 Rd7 36. c3 Nxf4 37. a5 Ne6 38. Ke3 Nxd4 39. cxd4 Kd6 40. b4 Ra7 41. Kf4 Kd5 42. Ke3 f4+ 43. Kxf4 Kxd4 44. Rd8+ Kc4 45. Rb8 Kd4 46. Re8 Kd3 47. Rd8+ Kc4 48. Rb8 Kd4 49. Rd8+ Kc4 50. Rb8 1/2-1/2

[Event "Tula"]
[Site "Tula"]
[Date "2018.04.14"]
[Round "10"]
[White "Ismayilov, Ganjali"]
[Black "Garayev, Murad"]
[Result "1/2-1/2"]
[WhiteElo "2406"]
[BlackElo "2289"]
[PlyCount "35"]
[EventDate "2018.04.09"]
[EventType "tourn"]
[EventRounds "13"]
[EventCountry "RUS"]
[EventCategory "2"]
[SourceTitle "CBM 184 Extra"]
[Source "ChessBase"]
[SourceDate "2018.06.28"]
[SourceVersion "1"]
[SourceVersionDate "2018.06.28"]
[SourceQuality "1"]

1. d4 d5 2. c4 c6 3. Nf3 Nf6 4. e3 e6 5. Nc3 Nbd7 6. Bd3 dxc4 7. Bxc4 b5 8. Bd3 a6 9. 0-0 c5 10. Qe2 Bb7 11. Rd1 cxd4 12. Nxd4 Qb6 13. b3 Nc5 14. Bb2 Nxd3 15. Qxd3 Be7 16. a4 b4 17. a5 Qd8 18. Na4 1/2-1/2

[Event "Tula"]
[Site "Tula"]
[Date "2018.04.13"]
[Round "9"]
[White "Gusev, Aleksey"]
[Black "Ismayilov, Ganjali"]
[Result "1/2-1/2"]
[WhiteElo "2368"]
[BlackElo "2406"]
[PlyCount "51"]
[EventDate "2018.04.09"]
[EventType "tourn"]
[EventRounds "13"]
[EventCountry "RUS"]
[EventCategory "2"]
[SourceTitle "CBM 184 Extra"]
[Source "ChessBase"]
[SourceDate "2018.06.28"]
[SourceVersion "1"]
[SourceVersionDate "2018.06.28"]
[SourceQuality "1"]

1. g3 e5 2. Bg2 d5 3. Nf3 e4 4. Nd4 c5 5. Nb3 c4 6. Nd4 Bc5 7. c3 Nc6 8. Nxc6 bxc6 9. 0-0 Nf6 10. b3 cxb3 11. axb3 0-0 12. Ba3 Bxa3 13. Nxa3 Qb6 14. b4 a5 15. Nc2 Bd7 16. bxa5 Rxa5 17. Rxa5 Qxa5 18. Qa1 Ra8 19. Qxa5 Rxa5 20. Ra1 Rxa1+ 21. Nxa1 Kf8 22. f3 Ke7 23. Kf2 exf3 24. Bxf3 Kd6 25. Nb3 g6 26. Ke3 1/2-1/2

[Event "Tula"]
[Site "Tula"]
[Date "2018.04.12"]
[Round "6"]
[White "Moiseev, Viktor"]
[Black "Ismayilov, Ganjali"]
[Result "1-0"]
[WhiteElo "2405"]
[BlackElo "2406"]
[PlyCount "107"]
[EventDate "2018.04.09"]
[EventType "tourn"]
[EventRounds "13"]
[EventCountry "RUS"]
[EventCategory "2"]
[SourceTitle "CBM 184 Extra"]
[Source "ChessBase"]
[SourceDate "2018.06.28"]
[SourceVersion "1"]
[SourceVersionDate "2018.06.28"]
[SourceQuality "1"]

1. d4 Nf6 2. c4 e6 3. Nc3 Bb4 4. e3 0-0 5. Nf3 c5 6. Bd3 d5 7. 0-0 b6 8. a3 Bxc3 9. bxc3 dxc4 10. Bxc4 Qc7 11. Qe2 Bb7 12. Bb2 Nbd7 13. Ba2 Rfe8 14. Rfd1 e5 15. Ng5 Rf8 16. d5 h6 17. Nh3 Rad8 18. e4 Ne8 19. c4 Nd6 20. f4 Rfe8 21. f5 Nf6 22. Bb1 Qe7 23. Bd3 Bc8 24. Nf2 Kh7 25. Bc3 Rf8 26. a4 a5 27. Rdb1 Nd7 28. Ng4 Ne8 29. Ra2 Qd6 30. Rab2 Nef6 31. Ne3 Rg8 32. Kh1 Rdf8 33. g4 g5 34. fxg6+ fxg6 35. Qg2 Ne8 36. Qg3 Rf7 37. g5 Rgf8 38. gxh6 Nef6 39. Rf2 Nh5 40. Rxf7+ Rxf7 41. Qg5 Qf8 42. Rg1 Nf4 43. Bf1 Nf6 44. Qxe5 Ng4 45. Rxg4 Bxg4 46. Nxg4 Nxd5 47. Be2 Rf1+ 48. Kg2 Ne3+ 49. Kh3 Nxg4 50. Bxg4 Qxh6+ 51. Kg2 Qf8 52. Qg3 Qf4 53. Qh4+ Kg8 54. Be6+ 1-0

[Event "Tula"]
[Site "Tula"]
[Date "2018.04.11"]
[Round "4"]
[White "Shkurkin, Andrey"]
[Black "Ismayilov, Ganjali"]
[Result "0-1"]
[WhiteElo "2238"]
[BlackElo "2406"]
[PlyCount "50"]
[EventDate "2018.04.09"]
[EventType "tourn"]
[EventRounds "13"]
[EventCountry "RUS"]
[EventCategory "2"]
[SourceTitle "CBM 184 Extra"]
[Source "ChessBase"]
[SourceDate "2018.06.28"]
[SourceVersion "1"]
[SourceVersionDate "2018.06.28"]
[SourceQuality "1"]

1. d4 d5 2. c4 c6 3. e3 Nf6 4. Nc3 Bf5 5. Bd3 Bg6 6. Nf3 Nbd7 7. 0-0 e6 8. Re1 Ne4 9. Rb1 Bd6 10. c5 Bc7 11. Qc2 f5 12. b4 a6 13. Bb2 0-0 14. Ne2 Bh5 15. Nf4 Qe8 16. Nxh5 Qxh5 17. Ne5 Rf6 18. f3 Rh6 19. fxe4 Qxh2+ 20. Kf2 Nxe5 21. dxe5 fxe4 22. Rh1 Rf8+ 23. Ke2 Qxg2+ 24. Kd1 Rxh1+ 25. Bf1 Rhxf1# 0-1

[Event "Donskoj"]
[Site "Donskoj"]
[Date "2018.03.12"]
[Round "7"]
[White "Ismayilov, Ganjali"]
[Black "Karpov, Alexander"]
[Result "1-0"]
[WhiteElo "2379"]
[BlackElo "2201"]
[PlyCount "77"]
[EventDate "2018.03.09"]
[EventType "tourn"]
[EventRounds "13"]
[EventCountry "RUS"]
[EventCategory "1"]
[SourceTitle "CBM 183 Extra"]
[Source "ChessBase"]
[SourceDate "2018.04.19"]
[SourceVersion "1"]
[SourceVersionDate "2018.04.19"]
[SourceQuality "1"]

1. d4 d5 2. c4 e6 3. Nf3 c6 4. Qc2 Bb4+ 5. Nbd2 Nf6 6. a3 Be7 7. g3 Nbd7 8. Bg2 0-0 9. 0-0 b6 10. e4 Bb7 11. Re1 Rc8 12. b4 Qc7 13. e5 Ne8 14. Bb2 Qb8 15. c5 Nc7 16. a4 h6 17. Rab1 Qa8 18. Bc3 Rb8 19. Bh3 Ba6 20. Kg2 Qb7 21. Re3 Qc8 22. Bg4 Qd8 23. Ba1 Bb7 24. h4 bxc5 25. bxc5 Ba6 26. Reb3 Rxb3 27. Nxb3 Qa8 28. Na5 Rb8 29. Bc3 Rxb1 30. Qxb1 Be2 31. h5 f6 32. exf6 Nxf6 33. Qe1 Nxg4 34. Qxe2 Qe8 35. Bd2 Qxh5 36. Nxc6 Qe8 37. Nxe7+ Qxe7 38. Bf4 Kf7 39. Qb2 1-0

[Event "Donskoj"]
[Site "Donskoj"]
[Date "2018.03.10"]
[Round "2"]
[White "Ismayilov, Ganjali"]
[Black "Gusev, Aleksey"]
[Result "1/2-1/2"]
[WhiteElo "2379"]
[BlackElo "2368"]
[PlyCount "72"]
[EventDate "2018.03.09"]
[EventType "tourn"]
[EventRounds "13"]
[EventCountry "RUS"]
[EventCategory "1"]
[SourceTitle "CBM 183 Extra"]
[Source "ChessBase"]
[SourceDate "2018.04.19"]
[SourceVersion "1"]
[SourceVersionDate "2018.04.19"]
[SourceQuality "1"]

1. d4 Nf6 2. c4 d6 3. Nf3 g6 4. Nc3 Bg7 5. e4 0-0 6. Be2 e5 7. 0-0 exd4 8. Nxd4 Re8 9. f3 c6 10. Be3 d5 11. cxd5 Nxd5 12. Nxd5 cxd5 13. Qb3 dxe4 14. Rad1 Qe7 15. Bc4 Nd7 16. fxe4 Rf8 17. Bd5 Nb6 18. Rde1 Bg4 19. h3 Bd7 20. Rf2 Ba4 21. Qd3 Nxd5 22. exd5 Rfe8 23. Nf3 Qd7 24. Ng5 f5 25. d6 Bf6 26. Nf3 Bc6 27. Rc1 Re6 28. Rd2 Rae8 29. Bg5 Bxg5 30. Nxg5 Re5 31. Qb3+ Kg7 32. Qc3 Kh6 33. Nf3 Re3 34. Qc4 R3e4 35. Qc3 Re3 36. Qc4 R3e4 1/2-1/2

[Event "Donskoj"]
[Site "Donskoj"]
[Date "2018.03.09"]
[Round "1"]
[White "Postypalskiy, Mihail"]
[Black "Ismayilov, Ganjali"]
[Result "1/2-1/2"]
[WhiteElo "2363"]
[BlackElo "2379"]
[PlyCount "52"]
[EventDate "2018.03.09"]
[EventType "tourn"]
[EventRounds "13"]
[EventCountry "RUS"]
[EventCategory "1"]
[SourceTitle "CBM 183 Extra"]
[Source "ChessBase"]
[SourceDate "2018.04.19"]
[SourceVersion "1"]
[SourceVersionDate "2018.04.19"]
[SourceQuality "1"]

1. e4 c5 2. Nf3 Nc6 3. d4 cxd4 4. Nxd4 Nf6 5. Nc3 e5 6. Ndb5 d6 7. Bg5 a6 8. Na3 b5 9. Nd5 Be7 10. Bxf6 Bxf6 11. c3 0-0 12. Nc2 Bg5 13. Bd3 Be6 14. Nce3 Ne7 15. 0-0 Nxd5 16. Nxd5 Rb8 17. Qc2 a5 18. g3 g6 19. Rad1 f5 20. h4 Bh6 21. Be2 fxe4 22. Qxe4 Qd7 23. h5 Bf5 24. Qh4 g5 25. Qh1 Bh3 26. Rfe1 Be6 1/2-1/2

[Event "Zolochiv Winter op"]
[Site "Zolochiv"]
[Date "2017.12.04"]
[Round "3"]
[White "Ismayilov, Ganjali"]
[Black "Winichenko, Mikhail"]
[Result "1-0"]
[WhiteElo "2308"]
[BlackElo "2284"]
[PlyCount "62"]
[EventDate "2017.12.03"]
[EventType "swiss"]
[EventRounds "9"]
[EventCountry "UKR"]
[SourceTitle "EXT 2019"]
[Source "ChessBase"]
[SourceDate "2018.10.10"]
[SourceVersion "1"]
[SourceVersionDate "2018.10.10"]
[SourceQuality "1"]

1. d4 e6 2. c4 d5 3. Nc3 Nf6 4. cxd5 exd5 5. Bg5 Be7 6. e3 0-0 7. Nf3 c6 8. Bd3 Nbd7 9. Qc2 Re8 10. 0-0 Nf8 11. Ne5 Be6 12. f4 N6d7 13. Bxe7 Rxe7 14. Rae1 f6 15. Nf3 Bf7 16. Nh4 Re8 17. Nf5 Nb6 18. g4 Nc8 19. Kh1 Nd6 20. Rg1 Bg6 21. Qf2 Qd7 22. Nxd6 Qxd6 23. f5 Bf7 24. g5 Nd7 25. Rg3 Re7 26. Reg1 Bh5 27. g6 hxg6 28. fxg6 Nf8 29. Rh3 Bxg6 30. Bxg6 Nxg6 31. Rxg6 Kf7 1-0